Sahebpurar barashun/ (Record no. 12101)

MARC details
000 -LEADER
fixed length control field 00531nam a22001937a 4500
005 - DATE AND TIME OF LATEST TRANSACTION
control field 20260515115056.0
008 - FIXED-LENGTH DATA ELEMENTS--GENERAL INFORMATION
fixed length control field 250304b |||||||| |||| 00| 0 eng d
020 ## - INTERNATIONAL STANDARD BOOK NUMBER
International Standard Book Number 8173393885
040 ## - CATALOGING SOURCE
Original cataloging agency IN-DiNC
Transcribing agency IN-DiNC
041 ## - LANGUAGE CODE
Language code of sung or spoken text asm
082 ## - DEWEY DECIMAL CLASSIFICATION NUMBER
Classification number 891.4513
Item number PUJ
100 ## - MAIN ENTRY--PERSONAL NAME
Personal name Pujari, Anuradha Sharma
Relator term author
245 ## - TITLE STATEMENT
Title Sahebpurar barashun/
Statement of responsibility, etc. by Anuradha Sharma Pujari
250 ## - EDITION STATEMENT
Edition statement 20th ed.
260 ## - PUBLICATION, DISTRIBUTION, ETC.
Place of publication, distribution, etc. Guwahati:
Name of publisher, distributor, etc. Banalata,
Date of publication, distribution, etc. 2024.
300 ## - PHYSICAL DESCRIPTION
Extent 160p.
650 ## - SUBJECT ADDED ENTRY--TOPICAL TERM
Topical term or geographic name entry element Assamese novel of Anuradha Sharma Pujari
942 ## - ADDED ENTRY ELEMENTS (KOHA)
Source of classification or shelving scheme Dewey Decimal Classification
Koha item type Books
Holdings
Withdrawn status Lost status Source of classification or shelving scheme Damaged status Not for loan Collection Home library Current library Shelving location Date acquired Cost, normal purchase price Total checkouts Full call number Barcode Date last seen Date last checked out Copy number Price effective from Koha item type
    Dewey Decimal Classification       Naharkatiya College Library Naharkatiya College Library General stacks 03/04/2025 200.00 8 891.4513 PUJ 30585 04/23/2026 04/04/2026 1 03/04/2025 Books
    Dewey Decimal Classification       Naharkatiya College Library Naharkatiya College Library General stacks 03/04/2025 200.00 8 891.4513 PUJ 30586 04/30/2026 04/30/2026 2 03/04/2025 Books
    Dewey Decimal Classification       Naharkatiya College Library Naharkatiya College Library General stacks 03/04/2025 200.00 6 891.4513 PUJ 30587 03/24/2026 03/18/2026 3 03/04/2025 Books